| 000 | 00893nam a22002177a 4500 | ||
|---|---|---|---|
| 999 |
_c3405 _d3405 |
||
| 003 | AR-CdUCM | ||
| 008 | 190306b ||||| |||| 00| 0 spa d | ||
| 020 | _a84-7232-307-2 | ||
| 040 |
_aMUNICIPALIDAD PROVINCIAL DEL CUSCO _cBIBLIOTECA MUNICIPAL DEL CUSCO |
||
| 082 |
_a331.026 / _bN14 |
||
| 100 |
_aNadal Vignolo, Stella Maris _911241 |
||
| 245 | _aLa empresa transnacional en el marco laboral / | ||
| 260 |
_aMadrid : _bEdiciones Cultura hispánica, _c1983. |
||
| 300 |
_a159 páginas ; _c22 cm. |
||
| 505 | _aContenido: El fenomeno emprensa transnacional en el contexto internacional -- Las fuentes formales del derecho del trabajo en las emprensas transnacionales -- Temas de derecho material laboral y la empresa transnacional ... | ||
| 650 |
_aEmpresas internacionales _94274 |
||
| 650 |
_aEmpleados _911242 |
||
| 650 |
_aDerecho laboral _95297 |
||
| 942 |
_2ddc _cLIBROS |
||
| 945 | _azta | ||